LEADER 01452nam a2200277 i 4500 001 000000130161 003 CaOOAMICUS 005 20211201163500.0 008 180405s2008 it u000 u ita u 013 $a102894 040 $aSeMil$bita 245 00$aSanta Brigida d'Irlanda in Lorentino :$bImmacolata Concezione di Maria in Sopracornola. 264 1$aBergamo :$bFondazione Adriano Bernareggi,$c2008. 300 $a79 p. :$bill. ;$c24 cm. 490 1 $aGuide alle chiese parrocchiali di Bergamo ;$v26 500 $aIn calce al front.: Ufficio per i beni culturali ecclesiastici della diocesi di Bergamo, Centro culturale Nicoḷ Rezzara. 650 4$aBergamo - Chiese Parrocchiali - Guide.$0(OLS)http://semarc/subject/3037 650 4$aCalolziocorte - Lorentino - Chiese - Santa Brigida d'Irlanda.$0(OLS)http://semarc/subject/51334 710 0 $aCentro culturale Nicoḷ Rezzara .$0(OLS)http://semarc/name/63296 830 0$aGuide alle chiese parrocchiali di Bergamo ;$v26.$0(OLS)http://semarc/title/401723 850 $aSeMil 852 $aSeMil$W1$xVenegono$y1$m3P IV 436$j84220$B84220$CSeMilBibl$Z2$F87860 $81 961 $aOmaggio: Delpini mons. Mario 996 $6245$aSanta Brigida d'Irlanda in Lorentino :$bImmacolata Concezione di Maria in Sopracornola$9(OLS)http://semarc/title/408145 996 $6264$aBergamo :$bFondazione Adriano Bernareggi$9(OLS)http://semarc/publisher/57180 LEADER 00851nam a2200217 i 4500 001 000000039311 003 CaOOAMICUS 005 20230927151608.0 008 931231n1986 it a u000 u ita u 040 $aSeMil$bita 100 1 $aBoretti, Fabio.$0(OLS)http://semarc/name/19031 245 10$aTriuggio e le sue frazioni /$cFabio Boretti. 264 1$aTriuggio :$bBiblioteca comunale di Triuggio,$c1986. 300 $a131 p. :$bill. ;$c31 cm 650 4$aTriuggio.$0(OLS)http://semarc/subject/8113 850 $aSeMil 852 $aSeMil$W1$xVenegono$y1$m3P VI 202$j5466$B5466$CSeMilBibl$Z2$F5466 $81 961 $aOmaggio: Martini Card. Carlo Maria 996 $6245$aTriuggio e le sue frazioni$9(OLS)http://semarc/title/55914 996 $6264$aTriuggio :$bBiblioteca comunale di Triuggio$9(OLS)http://semarc/publisher/61276